00888cam a2200289 a 45000010005000000030006000050050017000110080041000280100017000690200033000860200027001190400023001460420014001690500023001830820017002061000018002232450047002412600035002883000051003234900024003745050007003985200078004055210018004835210018005016500039005198000040005581817FISKH20231005110010.0020507s2003 nyua j b 001 0 eng  a 2002007168 a0516242652 (Library Binding) a0516243578 (Paperback) aDLCcDLCdDLCbeng apccalcac00aTX558.O7bS64 200300a641.8/752211 aSnyder, Inez.10aOranges to orange juice /cby Inez Snyder. aNew York :bScholastic,c2003. a24 pages :bcolor illustrations ;c16 x 19 cm.1 aHow things are made aF  aAn introduction to the process of making orange juice from fresh oranges.8 a310 bLexile 8 aF bRaz-Plus  0aOrange juicevJuvenile literature.1 aSnyder, Inez.tHow things are made.